| 000 | 00334nam a22001457a 4500 | ||
|---|---|---|---|
| 020 | _a0-8273-3927-5 | ||
| 082 | _a621.3815 KER'D | ||
| 100 |
_aKERSHAW, J.D _959482 |
||
| 245 | _aDIGITAL ELECTRONICS | ||
| 250 | _a3RD | ||
| 260 |
_aNEWYORK _bDELMAR _c1988 |
||
| 300 | _aXXII,746P | ||
| 650 |
_aLOGIC AND SYSTEMS _959483 |
||
| 942 | _cBK | ||
| 999 |
_c569450 _d569450 |
||